| 000 | 00416nam a2200157 a 4500 | ||
|---|---|---|---|
| 001 | 1695 | ||
| 003 | CDMR | ||
| 005 | 20130226181904.0 | ||
| 008 | 130130s2002||||||||||||||||||||||||||||d | ||
| 020 | _a9788497160308 | ||
| 040 |
_aCDMR _bcat _cCDMR |
||
| 100 | 1 |
_aFont, Marga _91262 |
|
| 245 | 1 | 0 |
_aInstantes y notas de viajes _cMarga Font |
| 260 |
_aPalma de Mallorca _c2002 _bJosé J. de Olañeta, Editor |
||
| 942 |
_cMON _2ddc |
||
| 999 |
_c1695 _d1695 |
||